LEADER 01332nam a2200277 4500 001 000000343418 003 CaOOAMICUS 005 20201224133415.0 008 201215s2020 it a 000 u ita r 020 $a978-88-943832-4-9 040 $aSeMil$bita 110 0 $aAssociazione Italiana Maestri Cattolici .$0(OLS)http://semarc/name/42891 245 10$aDad... Parliamone! :$bfocus group di approfondimento sulla didattica a distanza /$cAssociazione italiana maestri cattolici, Emilia Romagna, Friuli Venezia Giulia, Lombardia, Piemonte, Trentino Alto Adige, Veneto. 264 1$aRoma :$bE.CO.GE.S.E.S.,$c2020. 300 $a154 p. :$bill. ;$c21 cm 541 0 $aOmaggio mons. Mario Delpini 650 4$aDidattica a distanza.$0(OLS)http://semarc/subject/49778 830 0$aMateriali di lavoro ;$v4.$0(OLS)http://semarc/title/432381 850 $aSeMil 852 $aSeMil$W1$xVenegono$y1$m2Q VII 138$j223256$B234405$CSeMilBibl$Z2$F234405 $81 941 1 $a7 961 $aOmaggio mons. Mario Delpini 996 $6020$a978-88-943832-4-9$9(OLS)http://semarc/number/291879 996 $6245$aDad... Parliamone! :$bfocus group di approfondimento sulla didattica a distanza$9(OLS)http://semarc/title/432380 996 $6264$aRoma :$bE.CO.GE.S.E.S.$9(OLS)http://semarc/publisher/58003 LEADER 01280nam a2200289 i 4500 001 000000040409 003 CaOOAMICUS 005 20181107180133.0 008 051026s1992 fr u000 u fre u 013 $a11579 020 $a2-204-04485-7 040 $aSeMil$bita 100 1 $aLefebvre, Philippe,$d<1960- >.$0(OLS)http://semarc/name/19765 245 14$aLes pouvoirs de la parole :$bl'Église et Rousseau : 1762-1848 /$cPhilippe Lefebvre. 260 $aParis :$bLes Éditions du Cerf,$c1992. 300 $a491 p. :$bill. ;$c24 cm. 490 0 $aHistoire [Cerf] 500 $aContiene : Bibliographie. 650 4$aFilosofia della religione.$0(OLS)http://semarc/subject/504 650 4$aRousseau, Jean-Jacques <1712-1778> - Elementi religiosi - Giudizi della Chiesa Cattolica Romana.$0(OLS)http://semarc/subject/8474 830 0$aHistoire.$0(OLS)http://semarc/title/419770 850 $aSeMil 852 $aSeMil$W1$xVenegono$y1$m2R V 136$j6564$B6564$CSeMilBibl$Z2$F6564 $81 996 $6020$a2-204-04485-7$9(OLS)http://semarc/number/10600 996 $6245$aLes pouvoirs de la parole :$bl'Église et Rousseau : 1762-1848$9(OLS)http://semarc/title/58028 996 $6260$aParis :$bLes Éditions du Cerf$9(OLS)http://semarc/publisher/29611 LEADER 00671nam a2200193 i 4500 001 000000184059 003 CaOOAMICUS 005 20091214000000.0 008 091214s1972 it u000 u lat u 013 $a162034 040 $aSeMil$bita 245 10$a3.2. 300 $a303 p. 773 0 $tSancti Bernardi Opera.$dRomae : Editiones Cistercienses, 1957-1998.$gVol.6$w()22625 773 0 $aLeclercq, Jean $tSermones.$dRomae : Editiones Cistercienses, 1966-1972-$w()22626 850 $aSeMil 852 $aSeMil$W1$xVenegono$y1$m2S IV 118$j134755$B134755$CSeMilBibl$Z2$F146409 $81 961 $aOmaggio: Altro 996 $6245$a3.2$9(OLS)http://semarc/title/185722 LEADER 01296nam a2200265 i 4500 001 000000074021 003 CaOOAMICUS 005 20070410000000.0 008 070410s1928 it u000 u ita u 013 $a45193 040 $aSeMil$bita 100 1 $aMonti, Antonio <1882-1953>.$0(OLS)http://semarc/name/5489 245 10$aPio 9. nel Risorgimento Italiano :$bcon documenti inediti e illustrazioni /$cAntonio Monti. 260 $aBari :$bLaterza & Figli,$c1928. 300 $aXII, 275 p., [1] p. di ritratto ;$c21 cm. 490 0 $aBiblioteca di cultura moderna 500 $aIn appendice : Documenti "Lettere relative all'Arcivescovado di Spoleto". "Lettere relative al Vescovado di Imola". "Lettere del periodo del Pontificato". 600 04$aPio IX .$0(OLS)http://semarc/subject/251 650 4$aRisorgimento italiano.$0(OLS)http://semarc/subject/4116 830 0$aBiblioteca di cultura moderna.$0(OLS)http://semarc/title/639 850 $aSeMil 852 $aSeMil$W1$xVenegono$y1$m3A I 292$j270813$B40173$CSeMilBibl$Z2$F40177 $81 961 $aOmaggio: Donazione 996 $6245$aPio 9. nel Risorgimento Italiano :$bcon documenti inediti e illustrazioni$9(OLS)http://semarc/title/120094 996 $6260$aBari :$bLaterza & Figli$9(OLS)http://semarc/publisher/29663